| 000 | 00484nam a2200193Ia 4500 | ||
|---|---|---|---|
| 005 | 20240823053308.0 | ||
| 008 | 240823s9999||||xx |||||||||||||| ||und|| | ||
| 020 | _a978-938015-640-8 | ||
| 041 | _aENGLISH | ||
| 082 | _A620.106 Q5 | ||
| 100 | _aShiv Kumar | ||
| 245 | 0 | _aFluid Mechanics Basic Concepts & Principles | |
| 250 | _a3rd | ||
| 260 |
_c2015 _b"Ane Books,New " _aNew Delhi |
||
| 500 | _aYES | ||
| 650 |
_aFluid Mechanics _bMechanical |
||
| 942 | _cBK | ||
| 999 |
_c223845 _d223845 |
||